[Event "EU-ch 1st"]
[Site "Saint Vincent"]
[Date "2000.07.11"]
[Round "8"]
[White "Nadanian, Ashot S"]
[Black "Godena, Michele"]
[Result "0-1"]
[WhiteElo "2413"]
[BlackElo "2485"]
[Annotator "Huebner,R"]
[PlyCount "46"]
[EventDate "2000.07.03"]
[EventType "swiss"]
[EventRounds "11"]
[EventCountry "ITA"]
[SourceTitle "CBM 078"]
[Source "ChessBase"]
[SourceDate "2000.10.18"]
[SourceVersion "1"]
[SourceVersionDate "2000.10.18"]
[SourceQuality "1"]

1. d4 d5 2. c4 c6 3. Nc3 e5 4. cxd5 cxd5 5. e4 dxe4 6. Bc4 $6 {Für diesen Zug
habe ich keine Vorbilder gefunden. Üblich ist} (6. Bb5+ Bd7 7. dxe5 Bb4 (7...
Qa5 $2 {ist verfehlt:} 8. e6 $1 fxe6 9. Qh5+ Kd8 10. Bg5+ Be7 11. Rd1 g6 12.
Bxe7+ Kxe7 13. Qc5+ Kf7 14. b4 Qd8 15. Nh3 Qe7 16. Ng5+ Kf8 17. Bxd7 Qxc5 18.
bxc5 Ke7 19. Bb5 {1-0 Makogonov,M-Model,A/Odessa 1929/URS-ch (19)}) (7... Nc6 {
ist spielbar:} 8. Bf4 {TN} (8. Qd5 Bb4 9. Nge2 a6 10. Bc4 Qe7 11. Bf4 {+/=
Mueller-Haas, cr 1922, ECO D10/4(24)}) 8... Nge7 9. Nge2 Ng6 10. Qd5 Bb4 11.
Qxe4 Qh4 (11... O-O 12. O-O Bxc3 13. Nxc3 Re8 $44) 12. O-O Bxc3 13. bxc3 O-O
14. Rad1 Ngxe5 $1 15. g3 (15. Bxc6 Bxc6 16. Qxe5 Rfe8 17. Qg5 Qxg5 18. Bxg5
Rxe2 19. Rd2 $10) 15... Qh5 (15... Qg4 $2 16. f3 Qe6 17. Bxe5 $18) 16. Bxe5 (
16. Bxc6 $4 Bxc6 17. Qxe5 Qf3 $19) 16... Rae8 17. Rxd7 (17. Nf4 Qxe5 18. Qxe5
Rxe5 19. a4 $13) 17... Rxe5 {=/+ >< c3} 18. Nf4 Qg4 19. Qd3 Rxb5 20. h3 Qg5 21.
Re1 $2 (21. c4) 21... Ne5 $1 $19 22. Qd1 (22. Qxb5 Nf3+ $19) 22... Nxd7 23.
Qxd7 Qf5 {0-1 Krasenkow,M-Shabalov,A/Moscow 1991/URS-ch/[Hertneck] (38)}) 8.
Bd2 {Damit erhält Weiß keinen Vorteil. Noch weniger verspricht indessen} (8. e6
fxe6 (8... Bxb5 $4 9. exf7+ Ke7 10. fxg8=N+ {'+-!' Hertneck.} Qxg8 11. Bg5+ $18
) 9. Qb3 (9. Qh5+ g6 10. Qe5 Qf6 (10... Nf6 11. Qxe6+ (11. Bh6 $5) 11... Qe7
12. Qc4 (12. Qxe7+ Kxe7 $15) 12... Nc6 $13) 11. Bf4 a6 (11... Nc6 12. Bxc6 Bxc6
13. Nge2 Rd8 14. O-O Bd6 15. Qxf6 Nxf6 {=/+/-/+}) 12. Bc4 Nc6 13. Qxf6 Nxf6 $15
{1-0 Beliavsky,A-Lautier,J/Belgrade 1991/CBM 27/[Hertneck] (54)}) 9... Qe7 10.
Be2 Bc6 11. Be3 Nf6 12. Nh3 Bd5 13. Qc2 O-O 14. O-O Nbd7 $15 {0-1 Stalne,
K-Ronneland,D/Borlange 1992/EXT 99 (39)}) (8. Qd5 $5 {(Hertneck) ist
vielleicht einen Versuch wert.}) 8... Bxc3 {Andere Fortsetzungen sind
schwächer:} (8... e3 9. fxe3 (9. Bxd7+ Nxd7 10. Bxe3 {with equal play is
mentioned by the encyclopedia.} (10. Bxe3 Nxe5 11. Qa4+ Qd7 12. Qxd7+ Nxd7 {
1/2 Siskin-Nei, SU 1959, ECO D10/4 n.24})) 9... Nh6 ({Sicherer ist} 9... Bxc3
10. Bxd7+ Nxd7 11. Bxc3 Qh4+ 12. Kf1 Nh6 $11) 10. e6 $1 {White gets an
advantage.} (10. Nf3 O-O 11. Qb3 {was also promising.}) 10... fxe6 11. Qh5+ {
'->' Hertneck. 'Van der Sterren,P-Hector,J Kerteminde 1991'} Nf7 12. Nf3 g6 13.
Qg4 Qe7 14. O-O Bxb5 15. Nxb5 Bxd2 16. Nxd2 Nc6 17. Ne4 O-O 18. Rf6 Rae8 19.
Raf1 $16 {0-1 Van der Sterren,P-Hector,J/Kerteminde 1991/CBM 23/[Kortschnoj] 
(44)}) (8... Nh6 9. Nxe4 (9. Bxh6 gxh6 10. Qd5 $5) 9... Bxd2+ 10. Qxd2 O-O 11.
Be2 $2 (11. Rd1 $16) 11... Bc6 12. Qxd8 Rxd8 13. Bf3 Nd7 14. e6 Ne5 15. exf7+
Nhxf7 16. Nc3 {1/2-1/2 Trichkov,V-Keitlinghaus,L/Pardubice 1994/EXT 97 (33)})
9. Bxd7+ Qxd7 (9... Nxd7 10. Bxc3 Nc5 (10... Qg5 $5 11. Ne2 (11. Qd5 $2 Ngf6 (
11... Qxg2 $2 12. O-O-O O-O-O 13. e6 $1 fxe6 14. Qc4+ Kb8 15. Rxd7 $1 Qg5+ 16.
Bd2 $18) 12. Qxb7 O-O 13. Nh3 (13. exf6 Nc5 $40) 13... Qxg2 14. Rg1 Qxh3 15.
exf6 Nc5 16. Rxg7+ Kh8 17. Rxf7 Nxb7 18. Rxf8+ Rxf8 19. f7+ Qxc3+ 20. bxc3 Rxf7
$19) 11... Ne7 $1 12. O-O Nxe5 13. Qa4+ (13. Ng3 O-O 14. Nxe4 Qg6 15. Bxe5 Qxe4
16. Bd6 Rfd8 17. Re1 Qg6 18. Rxe7 Rxd6 $10) 13... N5c6 14. Qxe4 O-O $14) 11.
Ne2 (11. Nh3 $5 Nd3+ 12. Kf1 Qd5 13. Ng5 h6 14. Qa4+ b5 15. Qxe4 Ne7 $44) 11...
Nd3+ (11... Ne7 $6 12. O-O O-O 13. Ng3 {/\ Bb4 +/-}) 12. Kf1 Qd5 13. Ng3 O-O-O
$5 (13... Ne7 14. Qa4+ b5 15. Qxe4 Rd8 (15... Rd8 {0-1 Hertneck,G-Stangl,M/
Garmisch 1994/CBM 43 ext (43)})) 14. Qa4 (14. Qg4+ Kb8 15. e6 $5 (15. Qxg7 Ne7
$44) (15. Qxe4 Ne7 $44 (15... Qc5 $6 16. Qe3 $16)) 15... Nh6 $8 16. Qxg7 Qxe6
17. Bf6 Nf5 $1 (17... Rhg8 $2 18. Qxh6 Rg6 19. Qxg6 hxg6 20. Bxd8 $13) 18. Nxf5
Rhg8 19. Bxd8 (19. Nd4 $2 Qa6 $19) 19... Rxg7 20. Nxg7 Qe5 {/\ Qb2, /\ Qf4, /\
Qg7 -/+}) 14... Ne7 15. Kg1 $2 (15. Qxa7 $1 Nxb2 (15... Nxe5 16. Qa8+ Kd7 17.
Qa4+ $16) 16. Ba5 $1 (16. Rc1 Nd3 17. Rc2 Nc5 18. Bd4 Qxd4 19. Qxc5+ Nc6 $13)
16... Rde8 (16... Qb5+ 17. Kg1 Nc6 18. Qa8+ Kd7 19. Bxd8 Rxd8 (19... Qb4 20.
Ba5 $1 $16) 20. Qa3 $16) 17. Rc1+ (17. Qb6 Qc4+ 18. Kg1 Na4 19. Qd6 Nd5 $13)
17... Kd7 18. Qb6 Rc8 19. Qxb2 Rxc1+ 20. Qxc1 Qxa5 $13) 15... Nc5 16. Qxa7 Nc6
17. Qa3 h5 $1 18. h3 (18. Nf1 $5 {/\ Ne3}) 18... e3 19. fxe3 Kc7 20. Bb4 Nxb4
21. Qxb4 Qxe5 22. Qf4 Qxf4 23. exf4 Nd3 $15 {1/2-1/2 Hansen,L-Nikolic,P/Bled
1991/CBM 24/[Hertneck] (65)}) 10. Bxc3 Ne7 11. Ne2 Nd5 12. O-O Nc6 13. Qa4 e3
14. f4 O-O 15. Rad1 Rad8 16. Qb3 $13 {0-1 Langeweg,K-Donner,J/Amsterdam 1965/
MCL (40)}) (6. d5 {wurde auch mehrmals gespielt; der Zug sieht nicht danach
aus, als könne der dem Weißen Vorteil verbürgen.} Nf6 7. Bg5 a6 (7... Qb6 8.
Bxf6 gxf6 9. Bb5+ Bd7 10. Bxd7+ Nxd7 11. Nge2 f5 12. Qa4 O-O-O $17 {0-1
Marshall,F-Winawer,S/Monte Carlo 1901/EXT 98 (40)}) 8. Bc4 Nbd7 9. Nge2 b5 10.
Bb3 Nc5 11. Bc2 Bb7 12. b4 $2 (12. O-O {ist besser.}) 12... Nd3+ 13. Bxd3 exd3
14. Qxd3 Bxb4 $17 {1/2-1/2 Hartmann,K-Doeve,M/Germany 1989/EXT 97-B (59)}) (6.
Be3 {ist ebenfalls keine überzeugende Fortsetzung:} exd4 7. Bxd4 Nf6 8. Bb5+
Bd7 9. Bxd7+ Nbxd7 10. Qa4 Be7 11. Rd1 Qc8 12. Bxf6 Bxf6 13. Qxe4+ Kf8 14. Nge2
g6 15. O-O Kg7 $11 {0-1 Thomas,G-Ahues,C/Liege 1930/HCL (46)}) {Weiß versucht
etwas Neues, nachdem die bisherigen Vorbilder keinen Vorteil für ihn ergeben
haben; aber der Versuch ist zweifelhaft.} 6... exd4 7. Qb3 $2 (7. Nxe4 {
ist solider; aber Weiß hat nicht 6.Lc4 gespielt, um danach sofort um Ausgleich
kämpfen zu müssen.}) 7... Nf6 8. Bxf7+ Ke7 9. Nd5+ Kxf7 10. Nc7+ Kg6 11. Nxa8 (
11. Qg3+ Bg4 12. Nxa8 Na6 13. h3 Bd6 {führt den Weißen straks zum Verlust.})
11... Na6 12. Ne2 Bb4+ 13. Kf1 h6 $19 ({Auch} 13... d3 14. Nf4+ Kf5 {führte zu
einer Gewinnstellung für Schwarz; doch muß man gute Nerven haben,um eine
solche Fortsetzung zu wählen.}) 14. a3 (14. Bf4 d3 (14... Nd5 15. Qg3+ Kh7 16.
Be5 {ist dagegen verfehlt}) 15. Ng3 Bd6 {rettet den Weißen auch nicht.}) 14...
Be7 15. Bd2 Nc5 16. Qg3+ Kh7 17. Rc1 e3 18. Bb4 Nce4 19. Qc7 Bxb4 20. axb4 Nxf2
21. Rg1 d3 22. Nf4 Qxc7 23. Nxc7 d2 0-1

[Event "Gistrup"]
[Site "Gistrup"]
[Date "1996.??.??"]
[Round "7"]
[White "Aleksandrov, Aleksej"]
[Black "Hellsten, Johan"]
[Result "1-0"]
[WhiteElo "2550"]
[BlackElo "2490"]
[Annotator "Huebner,R"]
[PlyCount "113"]
[EventDate "1996.07.15"]
[EventType "tourn"]
[EventRounds "9"]
[EventCountry "DEN"]
[EventCategory "10"]
[SourceTitle "CBM 055"]
[Source "ChessBase"]
[SourceDate "1996.12.01"]
[SourceVersion "1"]
[SourceVersionDate "1996.12.01"]
[SourceQuality "1"]

1. d4 d5 2. c4 c6 3. Nc3 Nf6 4. e3 g6 5. b3 Bg7 6. Bb2 O-O 7. Be2 Re8 8. Rc1 a6
9. a4 Nbd7 10. Nf3 b6 11. O-O Bb7 12. b4 e6 13. Qb3 Qb8 14. cxd5 cxd5 15. Rc2
Rc8 16. Rfc1 Ne8 17. b5 a5 18. Bd3 Nd6 19. Nd2 Nf6 20. Ba3 Bf8 21. Nf3 Rc7 22.
Ne5 Qd8 23. Nc6 Qe8 24. f3 Rac8 25. e4 Nc4 26. Bxf8 Qxf8 27. Nb1 Bxc6 28. bxc6
Rxc6 29. Bxc4 dxc4 30. Rxc4 Rxc4 31. Rxc4 Rxc4 32. Qxc4 h5 33. Qc3 h4 34. Kf2
Qb8 35. d5 Qf4 36. Nd2 exd5 37. g3 Qh6 38. Nf1 Qh8 39. e5 Nh7 40. Qc8+ Nf8 41.
Qc7 Ne6 42. Qxb6 Qxe5 43. Qxa5 Qd4+ 44. Ke2 Qc4+ 45. Kf2 Nd4 46. Qd2 Nb3 (46...
Qxa4 47. Ne3 {führt zum Remis.}) (46... Nxf3 47. Kxf3 Qxf1+ 48. Ke3 {bietet
dem Schwarzen wohl auch keine erheblichen Gewinnchancen. Mit dem Textzug
bereitet Schwarz einen Selbstmord vor.}) 47. Qa2 d4 $4 48. a5 d3 49. Ne3 Qc1
50. a6 Qh1 51. a7 Qxh2+ 52. Ng2 hxg3+ 53. Ke3 Qg1+ 54. Kf4 Nd4 55. a8=Q+ Kg7
56. Qa1 Qf2 57. Qe4 1-0

[Event "EU-ch 2nd"]
[Site "Ohrid"]
[Date "2001.06.14"]
[Round "13"]
[White "Vasovski, Nikola"]
[Black "Hillarp Persson, Tiger"]
[Result "0-1"]
[WhiteElo "2359"]
[BlackElo "2443"]
[Annotator "Huebner,R"]
[PlyCount "68"]
[EventDate "2001.06.01"]
[EventType "swiss"]
[EventRounds "13"]
[EventCountry "YUG"]
[SourceTitle "CBM 084"]
[Source "ChessBase"]
[SourceDate "2001.09.13"]
[SourceVersion "1"]
[SourceVersionDate "2001.09.13"]
[SourceQuality "1"]

1. d4 d5 2. c4 c6 3. Nc3 Nf6 4. cxd5 cxd5 5. Bf4 Nc6 6. e3 a6 7. Bd3 Bg4 8.
Nge2 e6 9. O-O Bd6 10. Bxd6 Qxd6 11. f4 O-O 12. Rc1 Rfc8 13. Qd2 Bxe2 14. Qxe2
Rc7 15. Rf3 Na5 16. Rcf1 Nc4 17. Rh3 g6 18. g4 Qb4 19. g5 Ne8 20. Nd1 f5 21.
gxf6 Nxf6 22. Rg3 Nd6 23. Nc3 Nf5 24. Rg2 Rac8 25. Kh1 b5 26. Qe1 Kf7 27. Rc2
Qf8 28. a3 Qh6 29. Re2 Qh3 30. Qf2 $2 (30. Rg1 $15) 30... Ng4 $19 31. Qf3 Ng3+
32. Kg1 Qxf1+ 33. Qxf1 Nxf1 34. Kxf1 Rxc3 0-1

[Event "London Agency"]
[Site "London"]
[Date "1998.06.20"]
[Round "6"]
[White "Ippolito, Dean"]
[Black "Gormally, Daniel"]
[Result "1-0"]
[WhiteElo "2435"]
[BlackElo "2415"]
[Annotator "Huebner,R"]
[PlyCount "65"]
[EventDate "1998.06.15"]
[EventType "tourn"]
[EventRounds "9"]
[EventCountry "ENG"]
[EventCategory "9"]
[SourceTitle "CBM 066"]
[Source "ChessBase"]
[SourceDate "1998.09.30"]
[SourceVersion "1"]
[SourceVersionDate "1998.09.30"]
[SourceQuality "1"]

1. d4 {Baburin} d5 2. c4 c6 3. Nc3 Nf6 4. e3 a6 5. Qc2 e6 6. b3 c5 7. dxc5 Bxc5
8. Bb2 dxc4 9. Bxc4 Nc6 10. Rd1 Qe7 11. Nf3 O-O 12. Ng5 Ne5 13. Be2 h6 14. h4
Re8 15. Nce4 (15. Rh3 $5 {Baburin}) 15... Nxe4 16. Qxe4 ({Baburin: Better was} 
16. Nxe4 Bb4+ 17. Kf1 $16 {- White has good prospects of a kingside attack.})
16... Ng6 17. Nxf7 $6 {Baburin: This is a very interesting idea and a 'real'
sacrifice. Though White does not win here, Black's defensive task isn't easy.
Dies dürfte nicht korrekt sein.} Qxf7 18. Bh5 Kh7 (18... Rf8 19. Qc2 Bb4+ 20.
Kf1 Kh7 21. Rd4 {läßt Weiß im Vorteil.}) 19. Rh3 {Baburin: This is yet another
good point about the move h2-h4 - the rooks enter the action via the 3rd rank.}
Qf5 20. Bxg6+ Qxg6 21. Qxg6+ Kxg6 22. Rg3+ Kf5 $6 ({Baburin: To choose the line
} 22... Kh5 23. Rxg7 Bf8 24. g4+ Kxh4 25. Rg6 b6 26. f3 Kg3 27. Ke2 Kg2 {
one needs nerves of steel. I believe that White can at least draw here.}) ({
Baburin: But perhaps Black should have preferred} 22... Kf7 23. Rxg7+ Kf8 24.
Be5 (24. Rh7 e5) 24... Re7 25. Rd8+ Re8 26. Rd3 Re7) 23. Rf3+ $6 Kg6 24. Rg3+
Kf5 $6 {Besser war} (24... Kh5 25. Rxg7 Bf8 26. Rg3 (26. g4+ Kxh4 27. Rg6 e5
28. f3 Kg3 $19) 26... b6 $17) 25. Rxg7 $2 (25. Bxg7 {führt zu einer etwa
ausgeglichenen Stellung.}) 25... e5 26. h5 Be7 $2 {Mit der Fortsetzung} (26...
Re6 27. g4+ Kf6 28. Rg8 Rc6 $17 {konnte sich Schwarz erfolgreich gegen die
Versuche des Weißen, ein Mattnetz zu spinnen, zur Wehr setzen und Vorteil
behalten.}) 27. Rg6 Bg5 (27... Rf8 {Baburin} 28. Rd5 Bf6 29. Ba3 $1 $18) 28. f3
Bxe3 29. Ke2 Bd4 $2 {Mit} (29... Bg5 30. Kf2 Bh4+ 31. g3 Bxg3+ 32. Kxg3 Be6 33.
Rd6 $16 {konnte Schwarz den Kampf noch fortsetzen, obwohl seine Stellung
ziemlich hoffnungslos aussieht, zum Beispiel} Rac8 34. f4 {usw.}) 30. Bc1 e4
31. Rxd4 exf3+ 32. Kxf3 Be6 33. Bf4 1-0

[Event "RUS-ch 57th"]
[Site "Moscow"]
[Date "2004.11.26"]
[Round "10"]
[White "Kasparov, Garry"]
[Black "Morozevich, Alexander"]
[Result "1/2-1/2"]
[WhiteElo "2813"]
[BlackElo "2758"]
[Annotator "Huebner,R"]
[PlyCount "104"]
[EventDate "2004.11.15"]
[EventType "tourn"]
[EventRounds "11"]
[EventCountry "RUS"]
[EventCategory "18"]
[SourceTitle "CBM 104"]
[Source "ChessBase"]
[SourceDate "2005.01.27"]
[SourceVersion "1"]
[SourceVersionDate "2005.01.27"]
[SourceQuality "1"]

1. d4 {Mihail Marin} d5 2. c4 c6 3. Nc3 Nf6 4. e3 Qb6 5. Qc2 Be6 6. Nf3 {
Damit erreicht Weiß nicht viel. In der einzigen Partie, die ich mit dieser
Stellung gefunden habe, geschah} (6. c5 Qc7 7. b4 g6 8. Bd3 Bg7 9. f4 $6 ({Nach
} 9. Nge2 {oder}) (9. Nf3 {hat Weiß ein schönes Spiel.}) 9... Qc8 10. Nge2 Bf5
11. a4 Bxd3 12. Qxd3 Nbd7 13. Bd2 O-O 14. O-O e6 15. h3 Qc7 16. Rfc1 b6 17.
Rab1 a5 18. cxb6 Nxb6 19. Nb5 Qd7 20. bxa5 Nc4 21. Na3 Nxd2 22. Qxd2 Ne4 23.
Qe1 Rfc8 24. Rb6 Bf8 25. Nb1 c5 26. Nbc3 Nxc3 27. Nxc3 cxd4 28. exd4 Bd6 29. f5
gxf5 30. Nb5 Bf4 31. Rc5 Qd8 32. g3 $2 Qg5 33. h4 Qg4 34. Kh2 Qxh4+ 35. Kg2 Qg5
36. a6 Kh8 37. a7 Rg8 38. Qf2 Bxg3 {0-1 Prokop,F-Hromadka,K/Prague 1937/HCL 
(38).}) 6... dxc4 {Nun muß Weiß mit der Rückeroberung des Bauern auf c4 Zeit
verlieren, und inzwischen findet Schwarz zu einer normalen Aufstellung seiner
Figuren.} 7. Ng5 Bg4 8. Bxc4 e6 9. f3 Bh5 10. Qf2 c5 11. d5 exd5 12. Nxd5 Nxd5
13. Bxd5 Nc6 14. O-O Nb4 {Schwarz beginnt wieder zu künsteln.} (14... Be7 $11 {
sieht gesund und natürlich aus.}) 15. Bc4 f6 {Schwarz opfert das Feld e6.
Diese überraschende Fortsetzung scheint spielbar zu sein.} ({Auch} 15... Be7 {
sieht noch immer gut genug aus.}) 16. Qh4 Bg6 17. Ne6 Bf5 (17... Nc2 18. Nf4
Bf5 19. Nd5 Qd6 20. e4 g5 21. Qf2 Nxa1 22. exf5 O-O-O 23. Nc3 {überlebt
Schwarz nicht:} Qd4 24. Be6+ Kb8 25. Be3 {usw.}) 18. Nxf8 Kxf8 19. a3 Nd3 ({
Nach} 19... Nc2 20. Ra2 {sitzt das Roß in einer Falle.}) 20. Kh1 {Das sieht
etwas langsam aus; es ist aber schwer, etwas Besseres vorzuschlagen.} (20. Rd1
Rd8 21. b3 (21. b4 cxb4 22. Bxd3 Rxd3 23. Rxd3 Bxd3 24. axb4 Kf7 $11 {mit
Ausgleich.}) 21... Ne5 22. Bb2 Rxd1+ 23. Rxd1 Nxc4 24. Qxc4 Be6 {, und Weiß
hat keinen Vorteil.}) (20. e4 Be6 {bringt dem Weißen ebensowenig etwas ein.})
20... Rd8 21. b4 h5 $6 (21... cxb4 22. e4 Be6 {sieht einfacher aus, denn} 23.
Be3 Qxe3 24. Bxe6 bxa3 {dürfte für Weiß nicht gesund sein.}) 22. e4 Be6 23.
Bxd3 (23. bxc5 Qxc5 (23... Nxc5 24. Bxe6 Nxe6 25. Re1) 24. Bxd3 (24. Bxe6 Nf2+
{ist kein Gewinnversuch für Weiß.}) 24... Rxd3 25. Rb1 b5 26. Bb2 Kf7 {
verschafft dem Weißen keinen nennenswerten Vorteil.}) 23... Rxd3 24. e5 f5 25.
Bg5 c4 26. Rad1 Kf7 27. Rxd3 cxd3 28. Rd1 Qb5 (28... Qa6 $11) 29. Qd4 Qd5 30.
Qxd3 (30. Qxa7 Rc8 31. h3 Rc2 {verspricht dem Weißen auch nichts; die Stellung
des Schwarzen ist zu aktiv.}) 30... Qxd3 $11 {Der Mehrbauer des Weißen ist
bedeutungslos.} 31. Rxd3 Rc8 32. h4 Rc2 33. Kh2 Kg6 34. Kg3 Kf7 35. Be3 b6 36.
Bg5 {Mihail Marin: 'Kasparov misses his chance.'} ({He could have tried the
more active} 36. Kf4 $5 {Mihail Marin threatening to occupy the g5-square with
his king and thus keep the enemy king under pressure.} Kg6 ({Probably safer
than} 36... Rxg2 {Black picks up the gauntlet. However, the g2-pawn is not too
important.} 37. Rc3 Rh2 38. Rc7+ Kg6 39. Kg3 Re2 40. Bf4 {and White will soon
have an aditional passed pawn on the queen side.}) 37. Rd6 Kf7 (37... Rc4+ 38.
Bd4) 38. Bd2 Ra2 39. Rd3 Kg6 {and although it is not entirely clear yet how
White will make further progress, the permanent danger of occupying the
g5-square would certainly put Black under pressure.}) 36... Rc4 37. Be3 Ke7 {
Mihail Marin: 'In the meanwhile, Morozevich seems to have noticed the idea. He
will not allow Kasparov a second chance to activate his king.'} 38. b5 {
'!?' Mihail Marin. Mihail Marin: 'This looks risky, but what else could have
tried White?'} Ra4 39. Bd2 Bc4 40. Bg5+ Ke6 41. Rd6+ Kf7 ({Of course, not} 
41... Kxe5 $2 {Mihail Marin} 42. Bf4#) 42. Rc6 Bxb5 43. e6+ Kg6 {Mihail Marin:
'Black's progress on the queen side is obvious, while the mechanism R+B+P
failed to yield the desired effects.'} 44. Rc3 f4+ {'!' Mihail Marin. Mihail
Marin: 'A nice resource, underlining the relative character of the king side
blockade. As stated by Nimzovich, a pawn is safely locked only by phisical
means (by placing a piece in front of it). Permanent control of the square in
front of it might be insufficient.'} 45. Bxf4 (45. Kh2 {Mihail Marin would be
too passive.}) 45... Kf5 46. Rc7 g6 47. Rg7 Kf6 48. Rb7 Kxe6 49. Bb8 Rxa3 50.
Bxa7 Ra6 {'!' Mihail Marin. Mihail Marin: 'A last finesse. In order to
maintain his extra-pawn, White has to allow the exchange of rooks, with
inevitable draw.'} 51. Bxb6 {Mihail Marin} Bc6 52. Rb8 Ra8 1/2-1/2

[Event "EU-ch 4th"]
[Site "Istanbul"]
[Date "2003.06.01"]
[Round "3"]
[White "Aleksandrov, Aleksej"]
[Black "Burmakin, Vladimir"]
[Result "1-0"]
[WhiteElo "2650"]
[BlackElo "2569"]
[Annotator "Huebner,R"]
[PlyCount "31"]
[EventDate "2003.05.30"]
[EventType "swiss"]
[EventRounds "13"]
[EventCountry "TUR"]
[SourceTitle "CBM 096"]
[Source "ChessBase"]
[SourceDate "2003.09.25"]
[SourceVersion "1"]
[SourceVersionDate "2003.09.25"]
[SourceQuality "1"]

1. d4 c6 2. c4 d5 3. Nc3 Nf6 4. e3 a6 5. Qc2 b5 6. b3 Bg4 7. Nge2 Nbd7 8. h3
Bh5 9. Nf4 Bg6 10. Nxg6 hxg6 11. Be2 e6 12. Bb2 Bd6 13. Rd1 {Dies sieht
solider aus als 13.0-0:} (13. O-O g5 14. Qd1 Qb8 15. cxd5 cxd5 16. Bf3 Bh2+ 17.
Kh1 Rh4 18. Be2 Bd6 19. Bd3 Ng4 20. Rb1 Ba3 21. Qxg4 Rxg4 22. hxg4 Bxb2 23.
Rxb2 Ke7 24. Kg1 Nf6 25. f3 e5 26. Ne2 e4 27. Bb1 Qd6 28. Kf2 Rh8 29. Rg1 Rh2
30. Ng3 g6 31. Nf1 exf3 32. Kxf3 Rh8 33. g3 Qe6 34. Nh2 Ne4 35. Bd3 Rh3 36. Bf1
Qf6+ {0-1 Malaniuk,V-Kuporosov,V/Tula 2001/EXT 2002 (36).}) 13... Rc8 14. Ba1
Qa5 15. Kf1 Bb8 16. g3 {Es scheint mir unwahrscheinlich zu sein, daß Schwarz
nach dem letzten Kraftzug des Weißen an dieser Stelle aufgab. Entweder wurde
die Partie hier remis gegeben - oder Weiß (Schwarz??) gewann nach längerem
Kampfe.} 1-0

[Event "San Roque"]
[Site "San Roque"]
[Date "1996.??.??"]
[Round "1"]
[White "Azmaiparashvili, Zurab"]
[Black "Gulko, Boris F"]
[Result "1/2-1/2"]
[WhiteElo "2660"]
[BlackElo "2615"]
[Annotator "Huebner,R"]
[PlyCount "56"]
[EventDate "1996.02.??"]
[EventType "tourn"]
[EventRounds "9"]
[EventCountry "ESP"]
[EventCategory "11"]
[SourceTitle "CBM 057"]
[Source "ChessBase"]
[SourceDate "1997.04.01"]
[SourceVersion "1"]
[SourceVersionDate "1997.04.01"]
[SourceQuality "1"]

1. d4 d5 2. c4 c6 3. Nc3 dxc4 4. a4 {Dies ist keine sehr wirksame Entgegnung;
Schwarz hat nicht die geringste Mühe, auszugleichen.} e5 5. dxe5 Qxd1+ 6. Kxd1
Na6 7. e4 Be6 8. Be3 f6 9. f4 (9. exf6 Nxf6 10. f3 {sieht natürlicher aus,
wenngleich Schwarz nach} Nd7 {aktives Spiel erhält.}) 9... Rd8+ (9... fxe5 10.
f5 Bf7 11. Nf3 O-O-O+ 12. Ke1 {ist nicht überzeugend für Schwarz; er hat
Schwierigkeiten mit den Drohungen 13.Sg5 und 13.Se5:.} (12. Kc1 Bc5 13. Bg5 Re8
14. Nd2 h6 15. Bh4 Be3)) (9... O-O-O+ $5) 10. Ke2 (10. Ke1 $5 Nb4 (10... fxe5
11. f5 Nb4 12. Rc1 Bf7 13. Nf3 Nd3+ 14. Bxd3 cxd3 15. Nxe5 $13) 11. Rc1 Nd3+
12. Bxd3 cxd3 13. Nf3 $13) 10... Bg4+ 11. Kf2 fxe5 12. Bxc4 (12. f5 Bb4 {
ist riskant für Weiß; der Bauer auf e4 ist schwach.}) 12... exf4 13. Bxf4 Nc5
14. Nf3 Nf6 15. Rhd1 (15. Ng5 $5) 15... Be6 $6 (15... Nfxe4+ $5 16. Nxe4 Nxe4+
17. Kf1 Bb4 18. Rxd8+ (18. Re1 Bxe1 19. Rxe1 Bxf3 20. gxf3 Rd4 21. b3 Rf8 22.
Be3 (22. Be5 Nd2+ $19) 22... Rxc4 $17) 18... Kxd8 {Der Mehrbauer scheint mir
gesund zu sein.}) 16. Rxd8+ Kxd8 17. Rd1+ Kc8 18. Bxe6+ Nxe6 19. Bd6 Bxd6 (
19... Ng4+ 20. Kg3 Ne3 21. Rd3 Bxd6+ 22. Rxd6 Re8 23. b4 $11) 20. Rxd6 Re8 21.
e5 Ng4+ 22. Kg3 Ne3 23. Rd3 Nf5+ 24. Kf2 Nc5 25. Rd1 a5 26. g4 Ne7 27. Ke3 Ng6
28. Ne4 Nxe4 (28... Nxe4 {Auf} 29. Kxe4 Rf8 {folgt} 30. Rd4) 1/2-1/2